Go Away - Weezer, Best Coast lyrics quiz - Statistics

General Stats
  • This quiz has been taken 80 times
  • The average score is 183 of 217
Answer Stats
Answer % Correct
a
98%
boy
98%
do
96%
don't
96%
Don't
96%
girl
96%
I
96%
in
96%
Stupid
96%
you
96%
You
96%
anymore
94%
away
94%
but
94%
But
94%
Go
94%
go
94%
let
94%
like
94%
me
94%
on
94%
this
94%
what
94%
your
94%
Cold-hearted
91%
did
91%
door
91%
keep
91%
right
91%
won't
91%
Won't
91%
back
89%
hurt
89%
I'm
89%
know
89%
outside
89%
say
87%
we
87%
can
85%
Can
85%
waiting
85%
never
83%
Sayin'
83%
talk
83%
baby
81%
begging
81%
come
81%
I'll
81%
And
77%
and
77%
here
77%
so
77%
that
77%
That
77%
have
74%
she
74%
ask
70%
feelings
70%
was
70%
when
70%
wrong
68%
cryin'
66%
acting
64%
kid
64%
my
64%
to
64%
chance
62%
stop
62%
more
60%
the
60%
one
57%
said
55%
then
55%
went
55%
give
53%
stay
53%
you'd
53%
is
51%
lesson
51%
telling
51%
last
47%
learned
47%
take
47%
life
43%
miss
40%
That's
40%
why
40%
without
40%
incomplete
38%
little
38%
things
38%
whoa
13%
No matching quizzes found
Score Distribution
Percent of People with Each Score
Percentile by Number Answered
Your Score History
You have not taken this quiz